<?xml version="1.0" encoding="UTF-8"?>
<record
    xmlns:xsi="http://www.w3.org/2001/XMLSchema-instance"
    xsi:schemaLocation="http://www.loc.gov/MARC21/slim http://www.loc.gov/standards/marcxml/schema/MARC21slim.xsd"
    xmlns="http://www.loc.gov/MARC21/slim">

  <leader>00958nam a2200181Ia 4500</leader>
  <controlfield tag="008">151202s9999||||xx |||||||||||||| ||und||</controlfield>
  <datafield tag="082" ind1=" " ind2=" ">
    <subfield code="b">PNVM-68524</subfield>
  </datafield>
  <datafield tag="100" ind1=" " ind2=" ">
    <subfield code="a">&#x921;&#x93E;&#x92F;&#x932; &#x906;&#x930;&#x94D;&#x925;&#x930; &#x930;&#x94D;&#x915;&#x93E;&#x928;&#x928; / &#x905;&#x928;&#x941;. &#x915;&#x92E;&#x932;&#x947;&#x936;.</subfield>
  </datafield>
  <datafield tag="245" ind1=" " ind2=" ">
    <subfield code="a">&#x936;&#x947;&#x930;&#x932;&#x949;&#x915; &#x939;&#x94B;&#x92E;&#x94D;&#x938;&#x91A;&#x94D;&#x92F;&#x93E; &#x905;&#x916;&#x947;&#x930;&#x91A;&#x94D;&#x92F;&#x93E; &#x915;&#x93E;&#x939;&#x940; &#x938;&#x93E;&#x939;&#x938;&#x940; &#x915;&#x925;&#x93E;.</subfield>
  </datafield>
  <datafield tag="260" ind1=" " ind2=" ">
    <subfield code="b">"&#x91C;&#x92F;&#x915;&#x94B; &#x92A;&#x92C;&#x94D;&#x932;&#x93F;&#x936;&#x93F;&#x902;&#x917; &#x939;&#x93E;&#x90A;&#x938;, &#x92E;&#x941;&#x902;&#x92C;&#x908;."</subfield>
  </datafield>
  <datafield tag="260" ind1=" " ind2=" ">
    <subfield code="c">68524</subfield>
  </datafield>
  <datafield tag="300" ind1=" " ind2=" ">
    <subfield code="a">185</subfield>
  </datafield>
  <datafield tag="600" ind1=" " ind2=" ">
    <subfield code="a">&#x921;&#x93E;&#x92F;&#x932; &#x906;&#x930;&#x94D;&#x925;&#x930; &#x930;&#x94D;&#x915;&#x93E;&#x928;&#x928; / &#x905;&#x928;&#x941;. &#x915;&#x92E;&#x932;&#x947;&#x936;.</subfield>
  </datafield>
  <datafield tag="630" ind1=" " ind2=" ">
    <subfield code="a">&#x936;&#x947;&#x930;&#x932;&#x949;&#x915; &#x939;&#x94B;&#x92E;&#x94D;&#x938;&#x91A;&#x94D;&#x92F;&#x93E; &#x905;&#x916;&#x947;&#x930;&#x91A;&#x94D;&#x92F;&#x93E; &#x915;&#x93E;&#x939;&#x940; &#x938;&#x93E;&#x939;&#x938;&#x940; &#x915;&#x925;&#x93E;.</subfield>
  </datafield>
  <datafield tag="700" ind1=" " ind2=" ">
    <subfield code="a">&#x921;&#x93E;&#x92F;&#x932; &#x906;&#x930;&#x94D;&#x925;&#x930; &#x930;&#x94D;&#x915;&#x93E;&#x928;&#x928; / &#x905;&#x928;&#x941;. &#x915;&#x92E;&#x932;&#x947;&#x936;.</subfield>
  </datafield>
  <datafield tag="730" ind1=" " ind2=" ">
    <subfield code="a">&#x936;&#x947;&#x930;&#x932;&#x949;&#x915; &#x939;&#x94B;&#x92E;&#x94D;&#x938;&#x91A;&#x94D;&#x92F;&#x93E; &#x905;&#x916;&#x947;&#x930;&#x91A;&#x94D;&#x92F;&#x93E; &#x915;&#x93E;&#x939;&#x940; &#x938;&#x93E;&#x939;&#x938;&#x940; &#x915;&#x925;&#x93E;.</subfield>
  </datafield>
  <datafield tag="942" ind1=" " ind2=" ">
    <subfield code="c">BOOK</subfield>
  </datafield>
  <datafield tag="999" ind1=" " ind2=" ">
    <subfield code="c">1335034</subfield>
    <subfield code="d">1335031</subfield>
  </datafield>
  <datafield tag="952" ind1=" " ind2=" ">
    <subfield code="0">0</subfield>
    <subfield code="1">0</subfield>
    <subfield code="4">0</subfield>
    <subfield code="7">0</subfield>
    <subfield code="a">PNVM</subfield>
    <subfield code="b">PNVM</subfield>
    <subfield code="d">2015-06-21</subfield>
    <subfield code="g">0.00</subfield>
    <subfield code="l">0</subfield>
    <subfield code="o">PNVM-68524</subfield>
    <subfield code="p">PNVM-68524</subfield>
    <subfield code="r">2015-12-02 00:00:00</subfield>
    <subfield code="v">0.00</subfield>
    <subfield code="w">2015-12-02</subfield>
    <subfield code="y">BOOK</subfield>
  </datafield>
</record>
